000 00885nam a2200241Ia 4500
005 20241216011545.0
008 190627s9999||||xx |||||||||||||| ||und||
020 _a978-84-9171-028-8
082 _a617.69
_bC19
100 _aCALDERERO SUAREZ JAVIER, USON GONZALO CARMEN, CARMONA HIDALGO ROCIO
245 0 _aPROTESIS PARCIALES REMOVIBLES METALICAS DE RESINAS Y MIXTAS
250 _a1
260 _aMADRID-ESPAÑA
_bSINTESIS S. A.
_c2017
300 _a262 pag.
_c26 cm.
341 _h157
440 _aODONTOLOGIA
490 _v0
_a0
505 _aESTUDIO DEL DESDENTADO PARCIAL Y DISEÑO DE LA PROTESIS PARCIALES REMOVIBLES METALICAS/OBTENCION DEL MODELO REFRACTARIO Y PREPARACION DEL MODELO EN CERA/ELABORACION ACABADO Y REPARACION DE LA BASE METALICA
541 _aC
_bSAN CRISTOBAL
_d25-Apr-19
_oSoles
650 _aODONTOLOGIA
856 _zCC. Aplicadas
942 _cLIBRO
999 _c45118
_d45118